000
00256nam a22001217a 4500
008
260312b ||||| |||| 00| 0 eng d
041
_a
eng
080
_a
2.2
100
_a
22
101
_a
raporte
245
_a
Raport i Vetëvleresimit
942
_2
udc
_c
BK
999
_c
60891
_d
60891